Argentina in crisis, (Record no. 89947)

MARC details
000 -LEADER
fixed length control field 01012cam a22002891 4500
001 - CONTROL NUMBER
control field sd 45000019
003 - CONTROL NUMBER IDENTIFIER
control field DLC
005 - DATE AND TIME OF LATEST TRANSACTION
control field 20260227112735.0
008 - FIXED-LENGTH DATA ELEMENTS--GENERAL INFORMATION
fixed length control field 750926s1944 nyu b 000 0 eng c
010 ## - LIBRARY OF CONGRESS CONTROL NUMBER
LC control number sd 45000019
035 ## - SYSTEM CONTROL NUMBER
System control number (OCoLC)1659168
040 ## - CATALOGING SOURCE
Original cataloging agency U. S. Dept. of state. Libr.
Transcribing agency FU
Modifying agency OCoLC
-- DLC
042 ## - AUTHENTICATION CODE
Authentication code premarc
043 ## - GEOGRAPHIC AREA CODE
Geographic area code s-ag---
050 00 - LIBRARY OF CONGRESS CALL NUMBER
Classification number D410
Item number .F65 vol. 20, no. 4
100 1# - MAIN ENTRY--PERSONAL NAME
Personal name Fisk, Ysabel.
245 10 - TITLE STATEMENT
Title Argentina in crisis,
Statement of responsibility, etc. by Ysabel Fisk and Robert A. Rennie.
260 ## - PUBLICATION, DISTRIBUTION, ETC.
Place of publication, distribution, etc. New York, N.Y.,
Name of publisher, distributor, etc. Foreign policy association, incorporated
Date of publication, distribution, etc. [1944]
300 ## - PHYSICAL DESCRIPTION
Extent 1 p. l., 35-47, [1] p.
Dimensions 27cm.
490 0# - SERIES STATEMENT
Series statement Foreign policy reports.
Volume/sequential designation Vol. XX, no. 4. May 1, 1944
500 ## - GENERAL NOTE
General note "Argentina and the United States, by Ysabel Fisk": p. [48]
504 ## - BIBLIOGRAPHY, ETC. NOTE
Bibliography, etc. note Bibliographical foot-notes.
651 #0 - SUBJECT ADDED ENTRY--GEOGRAPHIC NAME
Geographic name Argentina
General subdivision Economic conditions.
650 #0 - SUBJECT ADDED ENTRY--TOPICAL TERM
Topical term or geographic name entry element World War, 1939-1945
Geographic subdivision Argentina.
651 #0 - SUBJECT ADDED ENTRY--GEOGRAPHIC NAME
Geographic name Argentina
General subdivision Politics and government.
700 1# - ADDED ENTRY--PERSONAL NAME
Personal name Rennie, Robert Alvin,
Relator term joint author.

No items available.

Powered by Koha